Hoạt động "thương hồ'' của người Việt ở Nam Bộ

Salvato in:
Dettagli Bibliografici
Autore principale: Ngô, Văn Lệ
Natura: Libro
Lingua:Undetermined
Soggetti:
Accesso online:http://lrc.tdmu.edu.vn/opac/search/detail.asp?aID=2&ID=24014
Tags: Aggiungi Tag
Nessun Tag, puoi essere il primo ad aggiungerne! !
Thư viện lưu trữ: Trung tâm Học liệu Trường Đại học Thủ Dầu Một
LEADER 00600nam a2200145Ia 4500
001 TDMU_24014
008 210410s9999 xx 000 0 und d
082 |a 306.3 
100 |a Ngô, Văn Lệ 
245 0 |a Hoạt động "thương hồ'' của người Việt ở Nam Bộ 
245 0 |c Ngô Văn Lệ 
300 |a Tr.12-27 
650 |a Nam bộ; Cộng đồng; Buôn bán; Kinh tế; Văn hóa  |z Nam Bộ (Việt Nam) 
856 |u http://lrc.tdmu.edu.vn/opac/search/detail.asp?aID=2&ID=24014 
980 |a Trung tâm Học liệu Trường Đại học Thủ Dầu Một